SAMBOORNA RAMAYANAM (Record no. 5161)
[ view plain ]
| 000 -LEADER | |
|---|---|
| fixed length control field | 00655nam a22001577a 4500 |
| 020 ## - INTERNATIONAL STANDARD BOOK NUMBER | |
| ISBN | 81-87430-27-3 |
| 082 ## - DEWEY DECIMAL CLASSIFICATION NUMBER | |
| Classification number | 294.5922 |
| Item number | RAM/S |
| 100 ## - MAIN ENTRY--AUTHOR NAME | |
| Personal name | EZHUTHACHAN, THUNJATHU |
| 245 ## - TITLE STATEMENT | |
| Title | SAMBOORNA RAMAYANAM |
| Remainder of title | KILIPATTU |
| 250 ## - EDITION STATEMENT | |
| Edition statement | 14 TH EDITION |
| 260 ## - PUBLICATION, DISTRIBUTION, ETC. (IMPRINT) | |
| Place of publication | TIRUVALLA |
| Name of publisher | MERIDIAN PUBLISHERS |
| Year of publication | 2013 |
| 300 ## - PHYSICAL DESCRIPTION | |
| Number of Pages | 384 |
| 520 ## - SUMMARY, ETC. | |
| Summary, etc | The Ramayana is an ancient Sanskrit epic which follows Prince Rama's quest to rescue his beloved wife Sita from the clutches of Ravana with the help of an army of monkeys. It is traditionally attributed to the authorship of the sage Valmiki and dated to around 500 BCE to 100 BCE.<br/> |
| 650 ## - SUBJECT ADDED ENTRY--TOPICAL TERM | |
| Topical Term | RELIGIOUS |
| Geographic subdivision | INDIA |
| 942 ## - ADDED ENTRY ELEMENTS (KOHA) | |
| Koha item type | Books |
| Withdrawn status | Lost status | Collection code | Home library | Current library | Shelving location | Date acquired | Source of acquisition | Full call number | Accession Number | Koha item type |
|---|---|---|---|---|---|---|---|---|---|---|
| Non-fiction | Main Library | Main Library | SHELF 15 C-RELIGIOUS | 04/12/2013 | purchase | 294.5922 RAM/S | 06224 | Books |